000 00382nam a22001457a 4500
005 20250323153946.0
008 250323b |||||||| |||| 00| 0 eng d
082 _222
_a894
_bUYI
100 _aMounaguru, C
245 _aUyirveli
260 _aColombo
_bNew Karthikeyan Achagam
_c1999
300 _a64 p .,
500 _aPengalathu Kadhal kavithaikal ( Kavithai thoguthi)
942 _cL
999 _c6002
_d6002